00546nam a2200133Ia 4500008004100000100002300041245009400064260006900158300001100227650001400238856006800252999001900320952007300339160712s9999 xx 000 0 und d aGarcia, J. Neil C. cJ. Neil GarciaaTranslational Poetics: Notes on Contemporary Philippine Poetry in English c2013bLikhaan: The Journal of Contemporary Philippine Literature avol. 7 xCRITICISM uhttp://journals.upd.edu.ph/index.php/lik/issue/view/537/showToc c297265d297265 001040aCLbCLd2016-07-12l0r2016-07-12 00:00:00w2016-07-12yFEJ